Guitarra malagueña (Record no. 55939)

MARC details
000 -LEADER
campo de control de longitud fija 00794nam a2200193 i 4500
001 - NÚMERO DE CONTROL
campo de control 55939
003 - IDENTIFICADOR DE NÚMERO DE CONTROL
campo de control ES-MaACL
005 - FECHA Y HORA DE LA ÚLTIMA TRANSACCIÓN
campo de control 20230906163242.0
007 - CAMPO FIJO DE DESCRIPCIÓN FÍSICA--INFORMACIÓN GENERAL
campo de control de longitud fija t|
008 - DATOS DE LONGITUD FIJA--INFORMACIÓN GENERAL
campo de control de longitud fija 030930s1916 sp ||||1| spa d
100 1# - ENTRADA PRINCIPAL--NOMBRE DE PERSONA
Nombre de persona Díaz de Escovar, Narciso.
9 (RLIN) 44225
245 10 - MENCIÓN DEL TÍTULO
Título Guitarra malagueña
Resto del título : nueva colección de coplas, en su mayoría inéditas y no incluídas en sus anteriores colecciones /
Mención de responsabilidad, etc. originales de Narciso Díaz de Escovar. Serie A ; con soneto-prólogo de los eminentes escritores D. Serafín y D. Joaquín Álvarez Quintero.
260 ## - PUBLICACIÓN, DISTRIBUCIÓN, ETC.
Lugar de publicación, distribución, etc. Málaga :
Nombre del editor, distribuidor, etc. [s.n.],
Fecha de publicación, distribución, etc. 1916.
300 ## - DESCRIPCIÓN FÍSICA
Extensión 96 p. ;
Dimensiones 16 cm.
700 1# - ENTRADA AGREGADA--NOMBRE PERSONAL
Nombre de persona Álvarez Quintero, Joaquín,
Fechas asociadas al nombre 1873-1944
9 (RLIN) 20922
700 1# - ENTRADA AGREGADA--NOMBRE PERSONAL
Nombre de persona Álvarez Quintero, Serafín,
Fechas asociadas al nombre 1871-1938
9 (RLIN) 226443
852 ## - LOCALIZACIÓN
Ubicación ES-MaACL
Número de control de estantería 1547-F-6
Holdings
Estatus retirado Estado de pérdida Estado de daño No para préstamo Colección Biblioteca de origen Biblioteca actual Ubicación en estantería Fecha de adquisición Fuente de adquisición Total de préstamos Signatura topográfica completa Código de barras Visto por última vez Precio de reemplazo Tipo de ítem Koha
        Colección de folletos Biblioteca del Ateneo de Madrid Biblioteca del Ateneo de Madrid Depósito folletos 17/01/2008     1547-F-6 1058760 23/02/2023 23/02/2023 Folleto